01075 a2200253 4500010001400000020002300014035001300037037001500050082001100065090001700076111007200093245025200165260003700417270002600454300002800480490005100508500002000559650002400579700002200603700002000625942002500645999001500670952013600685 aENG-89052 a8124603502c550.0014aEN-725851 bDBAD / PUB a181.45 c10100d10100 aInternational Congress of VedantacVisakhapatnam, Indiad2005n15th aStudies in Vedanta:essays in honour of Professor S.S. Rama Rao Pappu: proceedings of the fifteenth International Congress of Vedanta held at Andhra University, Visakhapatnam during 3-6 January 2005/cedited by P. George Victor [and] V.V.S. Saibaba aNew DelhibD.K. Printworldc2006 mdkprintworld@vsnl.net axxi, 330p.c23 cm ( Hb) aAndhra University philosophical studies; no.5) aIncludes index aVendanta-Congresses aVictor, P. George aSaibaba, V.V.S. adplcENk181.45/ INT c9888d9888 00102ddc40718NFICaDBADbDBADeDBAD/PUBg550.00l0o181.45 INTpEN-72585r2008-09-15 00:00:00t1u10902v550.00w2008-09-15yEN